000 00679nam a2200289Ia 4500
005 20260324150032.0
008 008 260324s9999 xx 000 0 eng d
020 _a9781315836003
037 _aEBOOK
040 _aCRL
040 _beng
040 _cCRL
041 _2eng
041 _aeng
084 _qCRL
100 _aJack C. Richards
_91225044
245 0 _aError Analysis
245 0 _bPerspectives on Second Language Acquisition
260 _bTaylor and Francis
260 _c1975
365 _a
365 _b365
856 _uhttp://www.taylorfrancis.com/books/9781315836003
942 _cEBOOK
999 _c1833821
_d1833821